[Event "BCF-chT4 2223 (4NCL)"]
[Site "England"]
[Date "2023.03.25"]
[Round "7.101"]
[White "Bromilow, Edward"]
[Black "Mouskos, John"]
[Result "1-0"]
[WhiteElo "1778"]
[BlackElo "1500"]
[PlyCount "59"]
[EventDate "2022.11.05"]
[EventType "team-swiss"]
[EventRounds "11"]
[EventCountry "ENG"]
[SourceTitle "EXT 2024"]
[Source "ChessBase"]
[SourceDate "2023.10.10"]
[SourceVersion "1"]
[SourceVersionDate "2023.10.10"]
[SourceQuality "1"]
[WhiteTeam "Ashfield III"]
[BlackTeam "She Plays to Win Young Stars"]
[WhiteTeamCountry "ENG"]
[BlackTeamCountry "ENG"]

1. d4 d5 2. Nf3 e6 3. e3 Nf6 4. Bd3 b6 5. b3 Bb7 6. Bb2 Nc6 7. Nbd2 Nb4 8. Be2 Bd6 9. a3 Nc6 10. Bd3 Qc8 11. Qe2 a5 12. 0-0 Ba6 13. e4 Bxd3 14. Qxd3 dxe4 15. Nxe4 Be7 16. c4 0-0 17. Rfe1 Qd7 18. Rad1 Rad8 19. h3 Rfe8 20. Qe2 Qc8 21. Qc2 Nb8 22. Ne5 Nbd7 23. Nxf7 Kxf7 24. Ng5+ Kg8 25. Nxe6 Nf8 26. Nxd8 Qxd8 27. Qf5 Ng6 28. Re6 Qa8 29. Rde1 Nh4 30. Qg5 1-0